| 000 | 00827nam a2200241 a 4500 | ||
|---|---|---|---|
| 001 | BRCA_5759 | ||
| 005 | 20190320205214.0 | ||
| 008 | 080311s1992----mx-a######---#000-0#spa-# | ||
| 020 | _a9682945143 | ||
| 041 | _aspa | ||
| 044 | _amx | ||
| 050 | 4 |
_aZ1427.M6 _b.P47 1992 |
|
| 100 | 1 |
_aPeralta Flores, Araceli _914049 |
|
| 245 | 1 | 0 |
_aGuía archivística y bibliográfica para el estudio histórico de Tacuba _cAraceli Peralta Flores, Rubén Manzanilla López. |
| 260 |
_aMéxico _bINAH _c1992 |
||
| 300 |
_a108 p. _bil. _c26 cm. |
||
| 440 | 0 |
_aColección Fuentes _91308 |
|
| 504 | _aBibliografía: p. 105-108 | ||
| 651 | 4 |
_aTacuba (México, D.F.) _vBibliografía _xHistoria _914608 |
|
| 651 | 4 |
_aCiudad de México (México) _vCatálogos _xHistoria _914609 |
|
| 700 | 1 |
_aManzanilla López, Rubén _eCoautor _914610 |
|
| 942 |
_2lcc _cB |
||
| 999 |
_c5449 _d5449 |
||